[Event "Arci2-Arci"]
[Site "?"]
[Date "2017.11.11"]
[Round "1"]
[White "D'Ambrosio, Luca"]
[Black "Arato, Francesco"]
[Result "1-0"]
[WhiteElo "1775"]
[BlackElo "1145"]
[PlyCount "79"]
[EventDate "2017.11.11"]

1. d4 d5 2. Nf3 Nc6 3. Bg5 Bf5 4. c4 Nf6 5. Nc3 e6 6. e3 Be7 7. Qb3 b6 8. Qa4
Qd7 9. Bxf6 Bxf6 10. cxd5 Nxd4 11. Qxd7+ Kxd7 12. Nxd4 Bxd4 13. exd4 Rad8 14.
dxe6+ Bxe6 15. d5 Bf5 16. Bb5+ Kc8 17. O-O Kb7 18. Rfe1 a6 19. Bc6+ Ka7 20. Re7
Rc8 21. Rxf7 Bg6 22. Rxg7 Rhf8 23. Re1 Be8 24. Bxe8 Rfxe8 25. Rxe8 Rxe8 26. Kf1
h6 27. Rxc7+ Kb8 28. Rc6 Kb7 29. Rxh6 a5 30. Rh7+ Ka6 31. d6 Rd8 32. d7 Kb7 33.
Nd5 Kc6 34. Nf6 b5 35. g4 Rf8 36. g5 b4 37. h4 Kd6 38. h5 Ke6 39. Rg7 Kf5 40.
Ne8 1-0

[Event "Gries-Klausen"]
[Site "?"]
[Date "2017.11.11"]
[Round "1.1"]
[White "Schacher, Gerd"]
[Black "Spornberger, Maximilian"]
[Result "1/2-1/2"]
[WhiteElo "2282"]
[BlackElo "2265"]
[PlyCount "47"]
[EventDate "2017.11.11"]

1. d4 g6 2. c4 Bg7 3. Nc3 d6 4. e4 Nf6 5. f3 O-O 6. Be3 Nc6 7. Nge2 a6 8. Qd2
Rb8 9. Rc1 Bd7 10. Nd1 b5 11. c5 e6 12. Nf2 b4 13. Ng3 a5 14. Bd3 Be8 15. Ne2
Ne7 16. O-O Nd7 17. cxd6 cxd6 18. Rfd1 Nb6 19. b3 Na8 20. Rc2 Nc7 21. Rdc1 Nb5
22. Bxb5 Bxb5 23. Ng3 Rb7 24. Bh6 1/2-1/2

[Event "Gries-Klausen"]
[Site "?"]
[Date "2017.11.11"]
[Round "1.2"]
[White "Zammarchi, Massimo"]
[Black "Seebacher, Michael"]
[Result "1/2-1/2"]
[WhiteElo "1943"]
[BlackElo "1944"]
[PlyCount "63"]
[EventDate "2017.11.11"]

1. e4 Nc6 2. Nf3 f5 3. e5 d6 4. Bb5 dxe5 5. Nxe5 Qd5 6. Qe2 Qxg2 7. Rf1 Nf6 8.
Qc4 Qe4+ 9. Qxe4 Nxe4 10. Nxc6 a6 11. Nxe7+ axb5 12. Nxc8 Rxc8 13. d3 Nf6 14.
Bg5 Nd5 15. Nd2 Bd6 16. Nf3 f4 17. Kd2 O-O 18. Rg1 Kh8 19. a3 h6 20. Bh4 Rf5
21. Rg6 Kh7 22. Rag1 Rg8 23. R1g4 Be5 24. c3 Rh5 25. d4 Bd6 26. Kd3 Kh8 27. Rg1
Rf5 28. Ke4 Rh5 29. Kd3 Kh7 30. R1g4 Kh8 31. Rg1 Bf8 32. R1g4 1/2-1/2

[Event "Gries-Klausen"]
[Site "?"]
[Date "2017.11.11"]
[Round "1.3"]
[White "Seebacher, Reinhard"]
[Black "Fongarolli, Diego"]
[Result "1-0"]
[WhiteElo "1883"]
[BlackElo "1951"]
[PlyCount "75"]
[EventDate "2017.11.11"]

1. c4 e5 2. Nc3 Nf6 3. g3 d5 4. cxd5 Nxd5 5. Bg2 Nb6 6. Nf3 Nc6 7. O-O Be7 8.
d3 O-O 9. a3 Re8 10. b4 Bf8 11. Bg5 f6 12. Be3 a5 13. b5 Nd4 14. Ne4 Be6 15.
Bxd4 exd4 16. Qc2 Bd5 17. Qb2 f5 18. Neg5 Be7 19. h4 Bf6 20. Nh3 h6 21. Nf4 Bf7
22. h5 Nd5 23. Nxd5 Bxd5 24. Rfc1 Bf7 25. Rc5 Bxh5 26. Rxf5 Bf7 27. Rc5 Bd5 28.
Ng5 c6 29. Ne4 Be7 30. Rc2 cxb5 31. Qxb5 Bc6 32. Qh5 Qb6 33. Qg6 Qb3 34. Rc4
Bb5 35. Rc7 Ra6 36. Qg4 Bc6 37. Nc5 Bxg2 38. Nxb3 1-0

[Event "Gries-Klausen"]
[Site "?"]
[Date "2017.11.11"]
[Round "1.4"]
[White "Paulmichl, Martin"]
[Black "Schrott, Karl"]
[Result "1/2-1/2"]
[WhiteElo "1870"]
[BlackElo "1988"]
[PlyCount "82"]
[EventDate "2017.11.11"]

1. d4 d5 2. Bg5 Nf6 3. Bxf6 exf6 4. e3 c6 5. g3 Bf5 6. Bg2 Qb6 7. b3 Bb4+ 8.
Nd2 O-O 9. Ne2 Re8 10. O-O Qa6 11. a3 Bd6 12. Re1 b5 13. a4 Nd7 14. axb5 Qxb5
15. c4 Qb7 16. cxd5 cxd5 17. Nc3 Be4 18. Ndxe4 dxe4 19. Qg4 h5 20. Qxh5 Rab8
21. Rec1 g6 22. Qd5 Qxd5 23. Nxd5 Rb7 24. Rc6 Bb8 25. Bh3 f5 26. g4 fxg4 27.
Bxg4 f5 28. Be2 Kg7 29. Bc4 Rh8 30. Nf4 Bxf4 31. exf4 Nb6 32. Rc1 Rd8 33. Ba6
Re7 34. Rc7 Rdd7 35. Rxd7 Rxd7 36. Bb5 Rxd4 37. Rc7+ Kh6 38. Rxa7 Rb4 39. Ba4
Nd5 40. Ra6 Nxf4 41. Rd6 Kh5 1/2-1/2

[Event "Gries-Klausen"]
[Site "?"]
[Date "2017.11.11"]
[Round "1.5"]
[White "Schrott, Ernst"]
[Black "Niederstaetter, Harald"]
[Result "1-0"]
[WhiteElo "1884"]
[BlackElo "1943"]
[PlyCount "54"]
[EventDate "2017.11.11"]

1. e4 c6 2. d4 d5 3. e5 c5 4. c3 Nc6 5. Nf3 Bg4 6. Be2 e6 7. Be3 Nh6 8. h3 Bxf3
9. Bxf3 Nf5 10. O-O Qb6 11. Qd2 cxd4 12. cxd4 Ncxd4 13. Bg4 Bc5 14. Bxf5 Nxf5
15. Bxc5 Qxc5 16. Nc3 O-O 17. Rac1 Rac8 18. Rfd1 Qe7 19. Qf4 Rc7 20. Qf3 Qg5
21. Ne2 Rxc1 22. Nxc1 Rc8 23. Nd3 Rc2 24. Qg4 Qxg4 25. hxg4 Nd4 26. Kf1 Nc6 27.
Ke1 f6 1-0

[Event "Gries-Klausen"]
[Site "?"]
[Date "2017.11.11"]
[Round "1.6"]
[White "Ellemund, Gabriel"]
[Black "Schrott, Johann"]
[Result "0-1"]
[WhiteElo "1588"]
[BlackElo "1844"]
[PlyCount "68"]
[EventDate "2017.11.11"]

1. d4 Nf6 2. Bf4 e6 3. e3 d5 4. Nd2 c5 5. c3 Nc6 6. Ngf3 c4 7. Qc2 h6 8. b3
cxb3 9. axb3 Bd6 10. Bg3 Qc7 11. Bb5 Bd7 12. Bxd6 Qxd6 13. O-O O-O 14. e4 dxe4
15. Nxe4 Qf4 16. Rfe1 Nb4 17. cxb4 Bxb5 18. Nxf6+ gxf6 19. Qc5 Bc6 20. Re3 a6
21. Qh5 Rad8 22. Rd1 Kh7 23. h4 Rd5 24. Ng5+ fxg5 25. Rf3 Qxf3 26. gxf3 Rf5 27.
Rd3 Rg8 28. Kh2 gxh4 29. Qxh4 Rgg5 30. d5 Rh5 31. dxc6 Rxh4+ 32. Kg3 Rxb4 33.
c7 Rc5 34. Rd7 Kg6 0-1

[Event "Groeden-Naturns"]
[Site "?"]
[Date "2017.11.11"]
[Round "1.2"]
[White "Moroder, Stephan"]
[Black "Unterthurner, Hans"]
[Result "1/2-1/2"]
[WhiteElo "2160"]
[BlackElo "1933"]
[PlyCount "35"]
[EventDate "2017.11.11"]

1. d4 Nf6 2. c4 g6 3. f3 d5 4. cxd5 Nxd5 5. e4 Nb6 6. Nc3 Bg7 7. Be3 Nc6 8. d5
Ne5 9. f4 Ng4 10. Bb5+ Bd7 11. Bd4 Nf6 12. Bxd7+ Qxd7 13. Nf3 Qg4 14. O-O Qxf4
15. Qe2 O-O 16. Be5 Qg4 17. Bxc7 Rac8 18. h3 1/2-1/2

[Event "Groeden-Naturns"]
[Site "?"]
[Date "2017.11.11"]
[Round "1.3"]
[White "Naegele, Norbert"]
[Black "Demetz, Rainer"]
[Result "0-1"]
[WhiteElo "1847"]
[BlackElo "2187"]
[PlyCount "96"]
[EventDate "2017.11.11"]

1. Nf3 Nf6 2. c4 c5 3. b3 e6 4. Bb2 Be7 5. g3 b6 6. Bg2 Bb7 7. O-O O-O 8. e3 a6
9. Qe2 d6 10. d4 Qc7 11. Nc3 Nbd7 12. Rac1 Rfe8 13. Rfd1 cxd4 14. exd4 Bf8 15.
Re1 Rac8 16. a4 Qb8 17. b4 d5 18. c5 a5 19. bxa5 bxc5 20. dxc5 Bxc5 21. a6 Bxa6
22. Nb5 Ne4 23. Bd4 e5 24. Bxc5 Ndxc5 25. Qa2 Bxb5 26. axb5 Nd3 27. Rxc8 Rxc8
28. Qxd5 Nxe1 29. Qxe4 Nxg2 30. Kxg2 Qxb5 31. Qf5 Re8 32. Ng5 Qd5+ 33. f3 g6
34. Qf6 h6 35. Ne4 Re6 36. Qh4 Kg7 37. g4 Rc6 38. Qf2 Qd3 39. Kg3 Rc4 40. Qe1
Rc2 41. Qa1 Qd4 42. Qe1 f5 43. gxf5 gxf5 44. Nf2 f4+ 45. Kg2 Qe3 46. Qf1 Kf8
47. h4 h5 48. Qg1 e4 0-1

[Event "Groeden-Naturns"]
[Site "?"]
[Date "2017.11.11"]
[Round "1.4"]
[White "Bernardi, Ruben"]
[Black "Gurschler, Thomas"]
[Result "1-0"]
[WhiteElo "2107"]
[BlackElo "1837"]
[PlyCount "61"]
[EventDate "2017.11.11"]

1. c4 g6 2. g3 Bg7 3. Bg2 e5 4. Nc3 d6 5. e3 Ne7 6. Nge2 O-O 7. d4 Nd7 8. O-O
c6 9. b3 Qc7 10. Ba3 Re8 11. Qc2 Nf6 12. dxe5 dxe5 13. Rad1 Rd8 14. Rxd8+ Qxd8
15. Rd1 Qe8 16. Bd6 Ng4 17. Ne4 h5 18. Qc3 Nf5 19. Bc7 Qe7 20. Bd8 Qe8 21. h3
Ngh6 22. Nf6+ Bxf6 23. Bxf6 Be6 24. Qxe5 Kh7 25. e4 Ne7 26. Nf4 Rd8 27. Rxd8
Qxd8 28. Nxe6 fxe6 29. Qxe6 Qd1+ 30. Kh2 Neg8 31. Bc3 1-0

[Event "Groeden-Naturns"]
[Site "?"]
[Date "2017.11.11"]
[Round "1.5"]
[White "Gurschler, Gregor"]
[Black "Moroder, Thomas"]
[Result "0-1"]
[WhiteElo "1796"]
[BlackElo "1980"]
[PlyCount "104"]
[EventDate "2017.11.11"]

1. e4 c5 2. Nc3 Nc6 3. g3 g6 4. f4 Bg7 5. Bg2 e6 6. d3 Nge7 7. Nf3 O-O 8. O-O
d5 9. Bd2 b6 10. Rb1 Bb7 11. a3 Nd4 12. Ne5 Nec6 13. Nxc6 Bxc6 14. Rf2 Qc7 15.
Kh1 dxe4 16. Nxe4 Rad8 17. Bc3 Qb7 18. Qf1 c4 19. Bb4 Rfe8 20. Nd6 Rxd6 21.
Bxd6 Nf5 22. Be5 Ne3 23. Qe2 Nxg2 24. Rxg2 Bf3 25. Qf2 cxd3 26. cxd3 Rd8 27.
Bxg7 Kxg7 28. d4 Qe4 29. Rf1 Bxg2+ 30. Qxg2 Qxd4 31. h4 Qe3 32. Rf2 h5 33. Kh2
Rd1 34. Re2 Qd3 35. Rc2 Qd4 36. Re2 b5 37. Rc2 a5 38. Qf2 Qe4 39. Qg2 Qe3 40.
Qf2 Qd3 41. Qe2 Qd5 42. Qg2 b4 43. axb4 axb4 44. Qxd5 exd5 45. Kg2 b3 46. Re2
d4 47. Kf3 Rd3+ 48. Kf2 Kf6 49. Kg2 Kf5 50. Re5+ Kf6 51. Re2 Rd1 52. Kh2 Rc1
0-1

[Event "Groeden-Naturns"]
[Site "?"]
[Date "2017.11.11"]
[Round "1.6"]
[White "Knottner, Klaus"]
[Black "Naegele, Raimund"]
[Result "1/2-1/2"]
[WhiteElo "1596"]
[BlackElo "1658"]
[PlyCount "85"]
[EventDate "2017.11.11"]

1. e4 c6 2. d4 d5 3. Nc3 dxe4 4. Nxe4 Bf5 5. Ng3 Bg6 6. h4 h6 7. h5 Bh7 8. Nf3
Nd7 9. Bd3 Bxd3 10. Qxd3 e6 11. Bf4 Ngf6 12. Ne4 Nxe4 13. Qxe4 Nf6 14. Qe2 Qd5
15. Qe5 Qxe5+ 16. Nxe5 Be7 17. f3 O-O 18. Nd3 Rfd8 19. c3 Rac8 20. Ke2 c5 21.
dxc5 Bxc5 22. Nxc5 Rxc5 23. g4 Rcd5 24. Rhd1 a6 25. Rxd5 Rxd5 26. Rd1 Rxd1 27.
Kxd1 Kf8 28. Ke2 Ke7 29. Kd3 Nd5 30. Bg3 Kd7 31. a3 g5 32. hxg6 fxg6 33. c4 Ne7
34. Ke4 Nc6 35. b4 h5 36. Bf2 Ke7 37. Kf4 Kf7 38. Ke4 Kf6 39. gxh5 gxh5 40.
Bh4+ Kf7 41. Be1 Kf6 42. a4 Ne7 43. b5 1/2-1/2

[Event "Kaltern/Tramin-Bruneck"]
[Site "?"]
[Date "2017.11.12"]
[Round "1.1"]
[White "Luciani, Valerio"]
[Black "Bertagnolli, Alexander"]
[Result "1/2-1/2"]
[WhiteElo "2168"]
[BlackElo "2404"]
[PlyCount "91"]
[EventDate "2017.11.11"]

1. e4 c5 2. Nf3 d6 3. d4 cxd4 4. Qxd4 Nc6 5. Bb5 Qa5+ 6. Nc3 Qxb5 7. Nxb5 Nxd4
8. Nfxd4 Kd8 9. Be3 Bd7 10. Nc3 Nf6 11. f3 a6 12. O-O-O Kc7 13. g4 e6 14. h4
Be7 15. g5 Nh5 16. Rh2 h6 17. gxh6 g6 18. Bg5 Bf8 19. Rhd2 Rxh6 20. f4 f6 21.
Bxh6 Bxh6 22. f5 Re8 23. fxe6 Bxe6 24. Nxe6+ Rxe6 25. Kb1 Bxd2 26. Rxd2 Ng3 27.
Rg2 Nxe4 28. Rxg6 Nd2+ 29. Kc1 Nf3 30. Rxf6 Re1+ 31. Nd1 Nxh4 32. Kd2 Re5 33.
Ne3 Kc6 34. a4 b5 35. axb5+ axb5 36. b4 Rg5 37. Ke2 Rg6 38. Rxg6 Nxg6 39. c4
Ne5 40. cxb5+ Kxb5 41. Nc2 Kc4 42. Ke3 Ng4+ 43. Ke4 Nf2+ 44. Kf5 Nd3 45. Ke6
Nxb4 46. Kxd6 1/2-1/2

[Event "Kaltern/Tramin-Bruneck"]
[Site "?"]
[Date "2017.11.14"]
[Round "1.2"]
[White "Paltrinieri, Nicholas"]
[Black "Moling, Patrick"]
[Result "1/2-1/2"]
[WhiteElo "2234"]
[BlackElo "2060"]
[PlyCount "81"]
[EventDate "2017.11.11"]

1. d4 Nf6 2. Bg5 Ne4 3. Bf4 c5 4. f3 Nf6 5. dxc5 Na6 6. e4 Qa5+ 7. Nc3 Nxc5 8.
Qd2 d6 9. a3 Ne6 10. Be3 g6 11. Nge2 Bg7 12. g4 Bd7 13. g5 Nh5 14. Nd5 Qxd2+
15. Kxd2 Bc6 16. Nec3 Kd8 17. Bc4 Rf8 18. Rhf1 Nc7 19. Rad1 Nxd5 20. exd5 Bd7
21. Bb3 Be5 22. f4 Bh8 23. Bc4 Ng7 24. Bd3 Bf5 25. Nb5 Bxd3 26. Kxd3 a6 27. Nd4
e6 28. c4 Kd7 29. Rf3 Rae8 30. Rdf1 Re7 31. Rh3 Nh5 32. b4 Rfe8 33. dxe6+ fxe6
34. c5 dxc5 35. bxc5 e5 36. fxe5 Bxe5 37. Rf2 Bc7 38. Rb2 Kc8 39. Rf3 Re4 40.
c6 bxc6 41. Nxc6 1/2-1/2

[Event "Kaltern/Tramin-Bruneck"]
[Site "?"]
[Date "2017.11.11"]
[Round "1.3"]
[White "Peintner, Andreas"]
[Black "Panjkovic, Aleksandar"]
[Result "0-1"]
[WhiteElo "1942"]
[BlackElo "2234"]
[PlyCount "80"]
[EventDate "2017.11.11"]

1. d4 d6 2. Nf3 g6 3. c4 Bg7 4. Nc3 Bg4 5. e3 c5 6. Be2 Nc6 7. O-O cxd4 8. exd4
Nf6 9. h3 Bxf3 10. Bxf3 O-O 11. Re1 h6 12. Be3 Kh7 13. Qd2 e6 14. d5 Ne5 15.
Be2 Rc8 16. b3 Qa5 17. Rad1 Rfe8 18. Bf1 a6 19. dxe6 fxe6 20. Ne4 Qxd2 21.
Nxf6+ Bxf6 22. Rxd2 Nf7 23. Red1 Bc3 24. Rd3 Bb4 25. f4 Bc5 26. Bxc5 Rxc5 27.
Re3 Kg7 28. Rde1 Kf6 29. g4 a5 30. a3 b6 31. Kf2 e5 32. h4 Rf8 33. Rf3 Kg7 34.
Bd3 Nd8 35. b4 axb4 36. axb4 Rc7 37. fxe5 Rxf3+ 38. Kxf3 dxe5 39. Rxe5 Nc6 40.
Re6 Nd4+ 0-1

[Event "Kaltern/Tramin-Bruneck"]
[Site "?"]
[Date "2017.11.11"]
[Round "1.4"]
[White "Graf, Andreas"]
[Black "Balzarini, Franco"]
[Result "1-0"]
[WhiteElo "2128"]
[BlackElo "1845"]
[PlyCount "77"]
[EventDate "2017.11.11"]

1. d4 d5 2. c4 e6 3. Nf3 Nf6 4. e3 Be7 5. b3 O-O 6. Bd3 c5 7. O-O Nbd7 8. Bb2
b6 9. Ne5 Bb7 10. f4 Ne4 11. Nd2 Nxd2 12. Qxd2 Nf6 13. Qe2 Ne4 14. Rad1 Qc7 15.
Bxe4 dxe4 16. d5 exd5 17. cxd5 Rad8 18. Qc4 Qd6 19. Qxe4 Bxd5 20. Qc2 Qe6 21.
e4 Bb7 22. f5 Qh6 23. Ng4 Qg5 24. f6 Rxd1 25. Qxd1 gxf6 26. Rf5 Qh4 27. g3 Qh3
28. Qe2 Re8 29. Bxf6 Bd8 30. Rg5+ Kf8 31. Bg7+ Ke7 32. Re5+ Kd6 33. Qd1+ Kc7
34. Rxe8 Bg5 35. Be5+ Kc6 36. Qd5+ Kb5 37. Qd3+ Kc6 38. a4 Qg2+ 39. Kxg2 1-0

[Event "Kaltern/Tramin-Bruneck"]
[Site "?"]
[Date "2017.11.11"]
[Round "1.5"]
[White "Niederkofler, Andreas"]
[Black "Dallaglio, Giovanni"]
[Result "0-1"]
[WhiteElo "1789"]
[BlackElo "1800"]
[PlyCount "76"]
[EventDate "2017.11.11"]

1. Nf3 Nf6 2. c4 e6 3. g3 d5 4. b3 Be7 5. Bb2 O-O 6. Bg2 b6 7. O-O Bb7 8. Nc3
c5 9. cxd5 Nxd5 10. Nxd5 Bxd5 11. Re1 Bf6 12. Bxf6 Qxf6 13. e4 Bb7 14. Rc1 Rd8
15. e5 Qe7 16. Qc2 Nc6 17. a3 Nd4 18. Nxd4 Rxd4 19. Be4 g6 20. d3 Rad8 21. Qb2
Qc7 22. f4 Ba6 23. b4 Bxd3 24. Bxd3 Rxd3 25. bxc5 Rd2 26. Rc2 Qxc5+ 27. Rxc5
Rxb2 28. Rc3 Rdd2 29. h4 h5 30. Kf1 a5 31. Rec1 Kg7 32. Re1 a4 33. Rec1 Rb3 34.
Rxb3 axb3 35. Rb1 b2 36. Ke1 Rh2 37. Kd1 Rg2 38. a4 Kf8 0-1

[Event "Kaltern/Tramin-Bruneck"]
[Site "?"]
[Date "2017.11.11"]
[Round "1.6"]
[White "Thaler, Elmar"]
[Black "Peintner, Markus"]
[Result "1-0"]
[WhiteElo "1736"]
[BlackElo "1456"]
[PlyCount "57"]
[EventDate "2017.11.11"]

1. d4 d5 2. c4 e6 3. Nf3 Nf6 4. Bg5 Be7 5. e3 O-O 6. Bd3 c5 7. cxd5 exd5 8.
dxc5 Qa5+ 9. Nc3 Qxc5 10. O-O Be6 11. a3 Nc6 12. Rc1 Qb6 13. Na4 Qd8 14. Nc5
Rb8 15. b4 h6 16. Bf4 Bd6 17. Nxb7 Rxb7 18. Rxc6 Bxf4 19. exf4 Bg4 20. h3 Bxf3
21. Qxf3 Re8 22. Rfc1 Qd7 23. Ba6 Re1+ 24. Rxe1 Qxc6 25. Bxb7 Qxb7 26. Qe3 Qc7
27. Rc1 Qd7 28. Qc5 Qa4 29. Qc8+ 1-0

[Event "Kaltern/Tramin3-Ehrenburg2"]
[Site "?"]
[Date "2017.11.11"]
[Round "1.1"]
[White "Messner, Alex"]
[Black "Maier, Fridolin"]
[Result "0-1"]
[WhiteElo "1652"]
[BlackElo "1678"]
[PlyCount "42"]
[EventDate "2017.11.11"]

1. Nf3 Nf6 2. g3 g6 3. Bg2 Bg7 4. O-O O-O 5. d3 d6 6. Nbd2 c6 7. c3 Re8 8. e4
e5 9. Qe2 Qc7 10. h3 Nbd7 11. Nh4 Nb6 12. f4 Nh5 13. Qf3 Bf6 14. f5 Bxh4 15.
gxh4 Qe7 16. Nb3 Qxh4 17. fxg6 f6 18. gxh7+ Kxh7 19. d4 Rg8 20. Kh1 Rg3 21. Qf2
Bxh3 0-1

[Event "Kaltern/Tramin3-Ehrenburg2"]
[Site "?"]
[Date "2017.11.11"]
[Round "1.2"]
[White "Martinelli, Michele"]
[Black "Mitterhofer, Martin"]
[Result "0-1"]
[WhiteElo "1710"]
[BlackElo "1553"]
[PlyCount "48"]
[EventDate "2017.11.11"]

1. e4 d6 2. d4 g6 3. c4 Nf6 4. Nc3 Bg7 5. f4 O-O 6. Nf3 b6 7. Be2 Bb7 8. d5 c6
9. O-O Nbd7 10. f5 Nc5 11. fxg6 fxg6 12. e5 dxe5 13. dxc6 Bxc6 14. Nxe5 Bb7 15.
Be3 Nfe4 16. Nxe4 Nxe4 17. Bd4 Rxf1+ 18. Bxf1 Qd6 19. c5 bxc5 20. Bc4+ Bd5 21.
Be3 Bxc4 22. Nxc4 Qe6 23. Qe2 Nd6 24. Re1 Qxc4 0-1

[Event "Kaltern/Tramin3-Ehrenburg2"]
[Site "?"]
[Date "2017.11.11"]
[Round "1.3"]
[White "Ploner, Heinz"]
[Black "Filosi, Gianluigi"]
[Result "1-0"]
[WhiteElo "1637"]
[BlackElo "1605"]
[PlyCount "76"]
[EventDate "2017.11.11"]

1. d4 e6 2. Nf3 f5 3. Bf4 Nf6 4. e3 Be7 5. Bd3 O-O 6. c4 b6 7. Nc3 Bb7 8. Qc2
d6 9. O-O-O h6 10. Rhg1 Nbd7 11. h3 a6 12. Nd2 e5 13. dxe5 dxe5 14. Bh2 e4 15.
Be2 Bd6 16. g3 Rc8 17. Kb1 Qe7 18. Nf1 c6 19. g4 Bxh2 20. Nxh2 Qe5 21. Nf1 f4
22. exf4 Qxf4 23. Nd2 c5 24. Ka1 Rcd8 25. h4 Ne5 26. g5 hxg5 27. Rxg5 Rd7 28.
Rgg1 Rfd8 29. Ndb1 Nd3 30. h5 Nb4 31. Qc1 Rxd1 32. Rxd1 Rxd1 33. Qxd1 Qxf2 34.
a3 Nc6 35. Nd5 Nxd5 36. Qxd5+ Kh8 37. Qxe4 Na5 38. Qe8+ Kh7 1-0

[Event "Kaltern/Tramin3-Ehrenburg2"]
[Site "?"]
[Date "2017.11.11"]
[Round "1.4"]
[White "Florian, Andreas"]
[Black "Zambelli, Walter"]
[Result "0-1"]
[WhiteElo "1517"]
[BlackElo "1381"]
[PlyCount "106"]
[EventDate "2017.11.11"]

1. d4 d5 2. Bf4 c6 3. e3 Bf5 4. c4 e6 5. Nc3 Nf6 6. Nf3 Qb6 7. Qb3 Qxb3 8. axb3
Bb4 9. Be2 Ne4 10. Rc1 Nd7 11. O-O Bxc3 12. bxc3 Bg4 13. h3 Bxf3 14. gxf3 Nef6
15. Bd3 h6 16. e4 g5 17. Bh2 O-O-O 18. cxd5 exd5 19. c4 Nb6 20. exd5 Kd7 21.
Bf5+ Ke7 22. Rfe1+ Kf8 23. Be5 Kg7 24. Kh2 cxd5 25. Rg1 Nbd7 26. Bxd7 Rxd7 27.
f4 Kg6 28. h4 Kf5 29. fxg5 hxg5 30. Rxg5+ Ke6 31. Kh3 Rh6 32. Re1 Re7 33. cxd5+
Kd7 34. d6 Re6 35. Rc1 Ne8 36. f4 f6 37. f5 Rxe5 38. dxe5 fxg5 39. Re1 Rxh4+
40. Kg3 Rh7 41. e6+ Kd8 42. d7 Nf6 43. Kf3 g4+ 44. Kf4 Rh8 45. Rc1 Ke7 46. Rc8
Rd8 47. Rc1 Rg8 48. Ke5 Rd8 49. Rh1 g3 50. Rg1 Rg8 51. d8=Q+ Rxd8 52. Rxg3 Rd5+
53. Kf4 Nh5+ 0-1

[Event "Kaltern/Tramin3-Ehrenburg2"]
[Site "?"]
[Date "2017.11.11"]
[Round "1.5"]
[White "Harrasser, Jakob"]
[Black "Maier, Florian"]
[Result "0-1"]
[WhiteElo "1469"]
[BlackElo "1460"]
[PlyCount "144"]
[EventDate "2017.11.11"]

1. c4 e5 2. d3 Nc6 3. g3 Bc5 4. Bg2 d6 5. Nf3 h6 6. O-O Nf6 7. Nc3 O-O 8. a3
Nd4 9. b4 Nxf3+ 10. exf3 Bd4 11. Bd2 Bf5 12. Qe2 Re8 13. Rab1 d5 14. c5 Re6 15.
Rbe1 Qd7 16. g4 Bg6 17. Rc1 Qe8 18. Be3 Bxc3 19. Qc2 d4 20. Bd2 Bxd2 21. Qxd2
a5 22. Rfd1 axb4 23. Qxb4 b6 24. f4 Ra4 25. Qb3 exf4 26. c6 Ra5 27. Qb4 Qd8 28.
Re1 Rae5 29. Rxe5 Rxe5 30. Qd2 Qe7 31. h3 Qxa3 32. Qxf4 Qd6 33. Qd2 b5 34. f4
Rc5 35. f5 Bxf5 36. Rxc5 Qxc5 37. gxf5 Qxf5 38. Qe2 Qc5 39. Bf3 b4 40. Qa2 g6
41. Qa8+ Kg7 42. Qb7 Qd6 43. Qb5 Qg3+ 44. Bg2 Qd6 45. Qc4 Nh5 46. Bd5 Qg3+ 47.
Bg2 Qe3+ 48. Kh1 Nf4 49. Qxb4 Nxd3 50. Qb1 Qc1+ 51. Qxc1 Nxc1 52. Bf3 d3 53.
Kg1 Ne2+ 54. Kf2 Nf4 55. Kg3 g5 56. h4 d2 57. hxg5 hxg5 58. Kg4 Kf6 59. Bd1 Nd3
60. Kf3 Ne5+ 61. Ke3 Nxc6 62. Kxd2 Ne5 63. Ke3 c5 64. Ke4 g4 65. Kf4 c4 66. Bc2
c3 67. Kg3 Kg5 68. Bb3 f5 69. Bc2 f4+ 70. Kg2 Nc4 71. Bb3 Ne3+ 72. Kf2 c2 0-1

[Event "Ridnaun-Kaltern/Tramin2"]
[Site "?"]
[Date "2017.11.11"]
[Round "1.1"]
[White "Comai, Samuele"]
[Black "Aigner, Helmut"]
[Result "0-1"]
[WhiteElo "1812"]
[BlackElo "1864"]
[PlyCount "50"]
[EventDate "2017.11.11"]

1. d4 Nf6 2. c4 c5 3. Nf3 cxd4 4. Nxd4 Nc6 5. Nc3 g6 6. g3 Bg7 7. Bg2 Qb6 8.
Nxc6 dxc6 9. O-O O-O 10. Qc2 Rd8 11. e4 Be6 12. b3 Rd7 13. Bb2 Qa5 14. f4 Rad8
15. Rad1 Ng4 16. Rxd7 Rxd7 17. Rf3 Qc5+ 18. Kh1 Rd8 19. Na4 Qh5 20. h3 Bxb2 21.
Nxb2 Nh6 22. Kh2 Bxh3 23. Rd3 Ng4+ 24. Kg1 Rxd3 25. Qxd3 Qc5+ 0-1

[Event "Ridnaun-Kaltern/Tramin3"]
[Site "?"]
[Date "2017.12.02"]
[Round "3.1"]
[White "Dibiasi, Rainer"]
[Black "Aigner, Helmut"]
[Result "0-1"]
[WhiteElo "1821"]
[BlackElo "1864"]
[PlyCount "58"]
[EventDate "2017.11.11"]

1. Nf3 d5 2. c4 c6 3. cxd5 cxd5 4. b3 Nf6 5. e3 g6 6. d4 Nc6 7. Be2 Bg7 8. O-O
O-O 9. Nc3 Bf5 10. Nh4 Rc8 11. Nxf5 gxf5 12. Na4 Qd6 13. Bd3 e6 14. h3 Kh8 15.
Kh1 Rg8 16. f4 Bh6 17. Qd2 Nh5 18. g4 Nb4 19. Bb1 Rxc1 20. Qxc1 Ng3+ 21. Kh2
Nxf1+ 22. Qxf1 fxg4 23. hxg4 Rxg4 24. Kh3 f5 25. Qf3 Qd8 26. Qxg4 fxg4+ 27.
Kxg4 Qg8+ 28. Kh5 Bf8 29. a3 Be7 0-1

[Event "Steinegg-Deutschnofen"]
[Site "?"]
[Date "2017.11.11"]
[Round "1.1"]
[White "Manca, Federico"]
[Black "Mukic, Josko"]
[Result "1-0"]
[WhiteElo "2411"]
[BlackElo "2249"]
[PlyCount "68"]
[EventDate "2017.11.11"]

1. e4 e6 2. d4 d5 3. Nc3 Bb4 4. e5 b6 5. Qg4 Bf8 6. Bb5+ c6 7. Ba4 b5 8. Bb3
Bd7 9. Nf3 h6 10. O-O Ne7 11. Ne2 Nf5 12. Nf4 g6 13. c3 Be7 14. Bc2 Na6 15. Qh3
g5 16. Nh5 Kf8 17. g4 Nh4 18. Nxh4 gxh4 19. f4 c5 20. Be3 cxd4 21. Bxd4 Qc7 22.
Nf6 Bc5 23. Rf2 Bxd4 24. cxd4 Nb4 25. Bb3 Rd8 26. Qxh4 Nc6 27. Rd1 Qb6 28. Rfd2
Ne7 29. Bc2 Ng8 30. Kh1 Bc6 31. f5 Bd7 32. Nxg8 Rxg8 33. Qxh6+ Ke8 34. Qh7 Rf8
1-0

[Event "Steinegg-Deutschnofen"]
[Site "?"]
[Date "2017.11.11"]
[Round "1.2"]
[White "Engl, Stefan"]
[Black "Dappiano, Andrea"]
[Result "0-1"]
[WhiteElo "1992"]
[BlackElo "2258"]
[PlyCount "103"]
[EventDate "2017.11.11"]

1. e4 c5 2. Nf3 e6 3. d4 cxd4 4. Nxd4 Nf6 5. Bd3 Nc6 6. Nxc6 bxc6 7. O-O d5 8.
e5 Nd7 9. Re1 Qc7 10. Qh5 Nc5 11. Bf1 Ba6 12. Bxa6 Nxa6 13. Qe2 Nc5 14. Nd2 Be7
15. Nb3 O-O 16. f3 Rab8 17. Qf2 Nd7 18. f4 c5 19. c3 a5 20. c4 a4 21. Nd2 Rfe8
22. b3 Qa5 23. Bb2 Nb6 24. Rac1 Red8 25. cxd5 Rxd5 26. Bc3 Qa6 27. Qf1 Qb7 28.
Nc4 Nxc4 29. bxc4 Rdd8 30. Qe2 g6 31. Qc2 Qa6 32. Qe4 Qb7 33. Qe2 Qc6 34. Rcd1
h5 35. Rxd8+ Rxd8 36. Rb1 Qd7 37. Rb5 Qd1+ 38. Qxd1 Rxd1+ 39. Kf2 Rc1 40. Bd2
Rxc4 41. Ke3 Rc2 42. Rb8+ Kg7 43. Re8 Bf8 44. f5 gxf5 45. Kd3 Rxa2 46. Bg5 f6
47. Bxf6+ Kf7 48. Ra8 Rxg2 49. Ra7+ Kg8 50. Rxa4 Bg7 51. Ra6 Bxf6 52. Rxe6 0-1

[Event "Steinegg-Deutschnofen"]
[Site "?"]
[Date "2017.11.11"]
[Round "1.3"]
[White "Zamengo, Fulvio"]
[Black "Pichler, Martin"]
[Result "1-0"]
[WhiteElo "2304"]
[BlackElo "1696"]
[PlyCount "117"]
[EventDate "2017.11.11"]

1. e4 d6 2. d4 g6 3. Nc3 Bg7 4. Be3 Nf6 5. h3 O-O 6. Qd2 c5 7. dxc5 dxc5 8.
Qxd8 Rxd8 9. Bxc5 Nc6 10. Bd3 Nd7 11. Ba3 Nde5 12. O-O-O Be6 13. Nge2 a6 14.
Bc5 b5 15. a3 Nd7 16. Be3 b4 17. axb4 Nxb4 18. Nd4 Nxd3+ 19. cxd3 Nc5 20. Nc6
Nb3+ 21. Kc2 Rd6 22. Nxe7+ Kf8 23. Ned5 Nd4+ 24. Kb1 h6 25. f4 Rc6 26. g4 Rb8
27. e5 Nc2 28. Kxc2 Bxd5 29. d4 Bxh1 30. Rxh1 Rcb6 31. Bc1 Kg8 32. Kd3 Bf8 33.
f5 a5 34. Ke4 Rb4 35. Nd5 Rc4 36. Kd3 Ra4 37. e6 fxe6 38. fxe6 Bg7 39. Be3 Re8
40. e7 Ra2 41. Kc2 Ra4 42. Kb3 Rb4+ 43. Nxb4 axb4 44. Rd1 Rxe7 45. Rd3 Kf7 46.
d5 Re4 47. d6 Bf6 48. Bb6 Re6 49. Ba5 Re2 50. d7 Rxb2+ 51. Kc4 Rc2+ 52. Kxb4
Rb2+ 53. Kc4 Rb8 54. Rf3 Ke6 55. Rxf6+ Kxf6 56. d8=Q+ Rxd8 57. Bxd8+ Ke5 58. g5
hxg5 59. Bxg5 1-0